[Event "Bastiais Master"]
[Site "Bastia"]
[Date "2003.??.??"]
[Round "?"]
[White "Concalves, Manuel"]
[Black "Piazzoli, Francois Xavier"]
[Result "0-1"]
[WhiteElo "1499"]
[BlackElo "1499"]
[PlyCount "56"]
[EventDate "2003.??.??"]
[EventType "swiss"]
[EventRounds "7"]
[EventCountry "FRA"]
[SourceTitle "EXT 2007"]
[Source "ChessBase"]
[SourceDate "2006.11.23"]
[SourceVersion "1"]
[SourceVersionDate "2006.11.23"]
[SourceQuality "1"]

1. e4 d5 2. d3 dxe4 3. d4 Nc6 4. Bb5 Bd7 5. Bxc6 Bxc6 6. Be3 Nf6 7. h3 e5 8. Ne2 exd4 9. Bg5 d3 10. cxd3 exd3 11. Nec3 Bxg2 12. Rh2 Qe7+ 13. Kd2 Ne4+ 14. Nxe4 Qxe4 15. Rxg2 Qxg2 16. Qe1+ Kd7 17. Qe3 f6 18. Qxd3+ Bd6 19. Bh4 Rad8 20. Nc3 Kc8 21. Qf5+ Kb8 22. Kc2 g5 23. Qxf6 gxh4 24. Re1 Rhf8 25. Qxh4 Rxf2+ 26. Kb1 Rxb2+ 27. Ka1 Rxa2+ 28. Nxa2 Be5+ 0-1